Educación afectivo-sexual: planteamiento integrado e interdisciplinar y veinte unidades didácticas
Guardat en:
| Autor principal: | |
|---|---|
| Format: | Llibre |
| Idioma: | espanyol |
| Publicat: |
Madrid
Narcea
1995
|
| Col·lecció: | Temas Transversales
|
| Matèries: | |
| Etiquetes: |
Afegir etiqueta
Sense etiquetes, Sigues el primer a etiquetar aquest registre!
|
MARC
| LEADER | 00000nam a2200000 a 4500 | ||
|---|---|---|---|
| 001 | UCS1531 | ||
| 003 | CL-VaPUC | ||
| 008 | 970512e19950000SP |||||||||||||||||spa|d | ||
| 082 | 0 | 4 | |a 372.372 |b LOP |2 21 |
| 100 | |a López García, María Luisa |e autora |9 386032 | ||
| 245 | 1 | 0 | |a Educación afectivo-sexual: planteamiento integrado e interdisciplinar y veinte unidades didácticas |
| 300 | |a v | ||
| 942 | |c BK | ||
| 945 | |d 19970512 00:00:00 |a rleighto | ||
| 260 | |a Madrid |b Narcea |c 1995 | ||
| 500 | |a v.1: Orientaciones básicas para el profesorado | ||
| 500 | |a v.2: 1er. eje de integración: la importancia de ser personas sexuadas | ||
| 500 | |a v.3: 2do. eje de integración: la conducta socio-sexual, ¿está condicionada por el entorno? 3er. eje de integración: de otros muchos modos se manifiesta el amor | ||
| 500 | |a v.4: 4to. eje de integración: el amor es la exigencia cristiana | ||
| 650 | 0 | |a Psicología educacional |9 307830 | |
| 650 | 0 | |a Educación sexual |9 308005 | |
| 650 | 0 | |a Afecto |9 326390 | |
| 650 | 0 | |a Enseñanza |9 256457 | |
| 650 | 0 | |a Aprendizaje |9 254827 | |
| 583 | |a last modification |c 19970512 00:00:00 |k Rodrigo Vera | ||
| 490 | 0 | |a Temas Transversales | |
| 999 | |c 259576 |d 259574 | ||
| 952 | |0 0 |1 0 |4 0 |6 372_372000000000000_LOP_1995 |7 0 |8 P |9 284483 |a BIBEDU |b BIBEDU |c BIBEDU_PB |d 2019-11-19 |i 3297888 |o 372.372 LOP 1995 |p 3297888 |r 2024-01-25 |w 2019-11-19 |y BK |k EDU | ||
| 952 | |0 0 |1 0 |4 0 |6 372_372000000000000_LOP_1995 |7 0 |8 P |9 284484 |a BIBEDU |b BIBEDU |c BIBEDU_PB |d 2019-11-19 |i 3405001 |o 372.372 LOP 1995 |p 3405001 |r 2024-01-25 |w 2019-11-19 |y BK |k EPE | ||